Rain forests : a photographic celebration

Bibliographic Details
Main Author: Iallonardo Marisa
Format: Book
Published: Singapore : Hylas Publishing , 2007
Subjects:

MARC

LEADER 00000cam a2200000 7i4500
001 0000058598
005 20160112.0
008 160112
020 |a 0760790299 
020 |a 9780760790298 
090 0 0 |a 574.52642   |b IAL 
100 1 |a Iallonardo Marisa 
245 1 0 |a Rain forests : a photographic celebration   |c Marisa Iallonardo 
260 |a Singapore :   |b Hylas Publishing ,   |c 2007 
300 |a 539p. :   |b ill.col. ;   |c 12.5cm. 
650 0 |a Rain forests 
650 0 |a Rain forests   |x Pictorial works 
999 |a 0001385446   |b Book   |c Adult Collection   |e Perbadanan Perpustakaan Awam Johor 
999 |a 0001385447   |b Book   |c Adult Collection   |e Cawangan Urban Transformation Centre